000 00681nam a22001937a 4500
999 _c182550
_d182550
005 20211122130122.0
010 _aUR-11335
020 _c140.00
_a9789390533718
035 _aU-9890
037 _bDBAD/PUB
082 _a844
100 _aمحير ا حمد آ ز ا د
245 _aمعا صر ا ر د و ا فسا نہ :فکر ی جہا ت
_cمحير ا حمد آ ز ا د
246 _aMaasir Urdu Afsana :Fikri Jehaat (Urdu)
_bby Mojeer Ahmad Azad
260 _aN.Delhi
_c2020 ء
_bEducational Publishing House
270 _aD1/16,Ansari Road,Darya Ganj,
_bNew Delhi
_e110002
_l -
300 _a220 ص
_c22 Cm(Hb)
942 _2ddc
_cUR
_h844
_mم ج ی